Chipana

Gespeichert in:
Bibliographische Detailangaben
1. Verfasser: Carvajal, Víctor (VerfasserIn)
Format: Buch
Sprache:Spanisch
Veröffentlicht: Bogotá Norma 2000
Ausgabe:1a. ed
Schriftenreihe:Torre de Papel
Schlagworte:
Tags: Tag hinzufügen
Keine Tags, Fügen Sie den ersten Tag hinzu!

MARC

LEADER 00000nam a2200000 a 4500
001 UCH8556
003 CL-VaPUC
008 091127e20000300CK |||||||||||||||||spa|d
020 |a 9580450447 
082 0 4 |a Ch863  |b CAR  |2 21 
100 |a Carvajal, Víctor  |e author  |9 569502 
245 1 0 |a Chipana 
250 |a 1a. ed 
300 |a 80 p 
942 |c BK 
945 |d 20091127 00:00:00  |a lazolas 
260 |a Bogotá  |b Norma  |c 2000 
500 |a Ilustrado por Diana Castellanos 
650 0 |a Literatura chilena   |9 308278 
650 0 |a Literatura infantil   |9 307465 
583 |a last modification  |c 20091127 00:00:00  |k Rodrigo Vera 
490 0 |a Torre de Papel 
999 |c 338767  |d 338765